| 000 | 00578nam a2200205Ia 4500 | ||
|---|---|---|---|
| 999 |
_c41198 _d41198 |
||
| 001 | 7850 | ||
| 003 | GE_BSU | ||
| 005 | 20221116110524.0 | ||
| 008 | 181216s2006fr xx |||||||||||||| ||fre|| | ||
| 020 | _a9780007232635 x | ||
| 040 | _cGE_BSU | ||
| 041 | _afre | ||
| 080 | _a81'374=811.133.1 C-70 | ||
| 245 | _aCollins French Dictionary | ||
| 264 |
_aGlasgov: _bInternational Edition, _c2006. |
||
| 300 |
_a436 p.: _c17 cm. |
||
| 653 | _aCollins French Dictionary | ||
| 653 | _aკოლინზის ფრანგული ლექსიკონი | ||
| 942 |
_cBK _2udc |
||